The tale of Despereaux : (Record no. 906)

MARC details
000 -LEADER
fixed length control field 01633nam a22003857a 4500
005 - DATE AND TIME OF LATEST TRANSACTION
control field 20230713155954.0
020 ## - INTERNATIONAL STANDARD BOOK NUMBER
International Standard Book Number 9780763643126
020 ## - INTERNATIONAL STANDARD BOOK NUMBER
International Standard Book Number 0763643122
040 ## - CATALOGING SOURCE
Original cataloging agency TXN
Transcribing agency TXN
Modifying agency UPZ
-- BTCTA
-- VP@
-- DLC
-- DLC
Language of cataloging eng
050 00 - LIBRARY OF CONGRESS CALL NUMBER
Classification number PZ7.7.S643
Item number Tal 2008
082 00 - DEWEY DECIMAL CLASSIFICATION NUMBER
Classification number 741.5/973
Edition number 22
100 1# - MAIN ENTRY--PERSONAL NAME
Personal name Smith, Matt
Titles and words associated with a name illustrator.
245 14 - TITLE STATEMENT
Title The tale of Despereaux :
Remainder of title the graphic novel /
Statement of responsibility, etc. adapted and illustrated by Matt Smith and David Tilton.
260 ## - PUBLICATION, DISTRIBUTION, ETC.
Place of publication, distribution, etc. Somerville, MA. :
Name of publisher, distributor, etc. Candlewick Press,
Date of publication, distribution, etc. 2008.
300 ## - PHYSICAL DESCRIPTION
Extent 126 pages :
Other physical details color illustrations ;
Dimensions 22 cm.
500 ## - GENERAL NOTE
General note Based on the book by Kate DiCamillo and on the motion picture screenplay.
505 ## - FORMATTED CONTENTS NOTE
Formatted contents note Z <br/>
520 ## - SUMMARY, ETC.
Summary, etc. "Despereaux, a mouse, meets and falls in love with a princess, gets banished to the dungeon (from which no mouse has ever returned!), and is captured by a pack of hungry rats. Despereaux barely escapes with his life, but he honors his quest to act as a knight would--with bravery and courage in the face of danger." -- Back cover.
521 ## - TARGET AUDIENCE NOTE
Target audience note 1008
Source Lexile <br/>
521 ## - TARGET AUDIENCE NOTE
Target audience note Z <br/>
Source Raz-Plus <br/>
650 #0 - SUBJECT ADDED ENTRY--TOPICAL TERM
Topical term or geographic name entry element Mice
Form subdivision Juvenile fiction.
650 #0 - SUBJECT ADDED ENTRY--TOPICAL TERM
Topical term or geographic name entry element Mice
Form subdivision Comic books, strips, etc.
650 #1 - SUBJECT ADDED ENTRY--TOPICAL TERM
Topical term or geographic name entry element Mice
Form subdivision Fiction.
650 #1 - SUBJECT ADDED ENTRY--TOPICAL TERM
Topical term or geographic name entry element Adventure and adventurers
Form subdivision Fiction.
650 #1 - SUBJECT ADDED ENTRY--TOPICAL TERM
Topical term or geographic name entry element Graphic novels.
650 #7 - SUBJECT ADDED ENTRY--TOPICAL TERM
Topical term or geographic name entry element Fairy tales.
Source of heading or term sears
650 #7 - SUBJECT ADDED ENTRY--TOPICAL TERM
Topical term or geographic name entry element Mice
Form subdivision Fiction.
Source of heading or term sears
650 #7 - SUBJECT ADDED ENTRY--TOPICAL TERM
Topical term or geographic name entry element Comic books, strips, etc.
Source of heading or term sears
655 #7 - INDEX TERM--GENRE/FORM
Genre/form data or focus term Graphic novels.
Source of term lcgft
700 1# - ADDED ENTRY--PERSONAL NAME
Personal name Tilton, David. (illustrator) .
906 ## - LOCAL DATA ELEMENT F, LDF (RLIN)
a 7
b cbc
c orignew
d 2
e epcn
f 20
g y-gencatlg
942 ## - ADDED ENTRY ELEMENTS (KOHA)
Source of classification or shelving scheme Dewey Decimal Classification
Koha item type Books
Suppress in OPAC No
999 ## -
-- 906
-- 906
Holdings
Withdrawn status Lost status Source of classification or shelving scheme Damaged status Not for loan Collection Home library Current library Shelving location Date acquired Total Checkouts Full call number Barcode Date last seen Price effective from Koha item type
    Dewey Decimal Classification     Fiction Footprints International School Library Network Toul Kork Campus Footprints International School Library Network Toul Kork Campus   07/13/2023   SMI Fic 741.5973 PZ7.S62 2023-0124 07/13/2023 07/13/2023 Books